IJCAI - 77 : Representation of Knowledge

Gespeichert in:
Bibliographische Detailangaben
Format: Buch
Sprache:Englisch
Veröffentlicht: Massachusetts Institute of Technology, 1977
Tags: Tag hinzufügen
Keine Tags, Fügen Sie das erste Tag hinzu!

MARC

LEADER 00000nam a22000003a 4500
001 stu264858
005 20141121175338.2
008 130327s--------xxu-----------------eng-d
040 |a STU  |b slo 
041 0 |a eng 
044 |a xxu 
245 |a IJCAI - 77 :  |b Representation of Knowledge 
260 |b Massachusetts Institute of Technology,  |c 1977 
300 |a 196-304 
996 |b I2352  |l II680  |s A  |a 24  |w stu264858_0001